000 00548nam a22001817a 4500
999 _c14179
_d14179
003 AR-CdUCM
008 190422b ||||| |||| 00| 0 spa d
020 _a978-84-9825-830-1
040 _aMUNICIPALIDAD PROVINCIAL DEL CUSCO
_cBIBLIOTECA MUNICIPAL DEL CUSCO
082 _aPI / 376.1 /
_bC73
110 _aCombel
_932671
245 _aToca, toca :
_buno, dos, tres /
260 _aChina :
_bCombel,
_c2013.
300 _a4 páginas ;
_bIlustraciones,
_c15 cm.
650 _aCuento infantil
_93319
942 _2ddc
_cLIBROS
945 _aacv
_d2019-04-22